Statistiken für Alle Mannschaften der Dritten Liga 2018/19

Klicken Sie hier um das Quiz zu spielen!

Allgemein

  • Dieses Quiz wurde 85 mal gespielt
  • Das Durchschnittsergebnis liegt bei 12 aus 20

Antwortstatistiken

Verein% Korrekt
Hansa Rostock
74%
TSV 1860 München
69%
1. FC Kaiserslautern
68%
SC Fortuna Köln
68%
VfL Osnabrück
68%
Preußen Münster
67%
Energie Cottbus
65%
Eintracht Braunschweig
64%
Karlsruher SC
63%
FC Carl Zeiss Jena
60%
Würzburger Kickers
60%
FSV Zwickau
54%
SpVgg Unterhaching
54%
Hallescher FC
53%
SG Sonnenhof Großaspach
53%
VfR Aalen
51%
SV Meppen
49%
KFC Uerdingen
46%
SV Wehen Wiesbaden
43%
Sportfreunde Lotte
35%

Verteilung der Resultate

Perzentil nach korrekt beantworteten Fragen

Anzahl Personen mit jedem Resultat

Ihre Resultats-Entwicklung

Sie haben dieses Quiz noch nicht gespielt